00666nam a22001697a 4500003000900000008004100009040007100050082001900121100003900140245005700179260003000236300002800266505015000294650002300444650001800467650001100485AR-CdUCM190409b ||||| |||| 00| 0 spa d aMUNICIPALIDAD PROVINCIAL DEL CUSCOcBIBLIOTECA MUNICIPAL DEL CUSCO a323.445 /bH82 aHuaccha Carhuajulca, José carlos aLibertad de prensa y la legislación en el Perú / aTrujillo :bAmaru,c1971. a142 páginas ;c21 cm. aContenido: Antecedentes de la libertad de prensa -- Libertad de prensa -- Legislación de prensa en el Perú -- Estatuto de libertad de prensa. aLibertad de prensa aLegislación aPerú